Mutiny on the bounty Stage 1 (400 headwords)

সংরক্ষণ করুন:
গ্রন্থ-পঞ্জীর বিবরন
প্রধান লেখক: Vicary, Tim
বিন্যাস: গ্রন্থ
প্রকাশিত: Oxford Oxford Univ. Press 2008
মালা:Oxford Bookworms Library
বিষয়গুলি:
ট্যাগগুলো: ট্যাগ যুক্ত করুন
কোনো ট্যাগ নেই, প্রথমজন হিসাবে ট্যাগ করুন!
Thư viện lưu trữ: Trung tâm Học liệu Lê Vũ Hùng, Trường Đại học Đồng Tháp
LEADER 00693pam a22002178a 4500
001 00041720
005 20180621080619.0
008 111202s2000 ||||||Engsd
020 # # |a 9780194789110 
041 0 # |a Eng 
082 1 4 |a 813  |b M522O 
100 1 # |a Vicary, Tim 
245 1 4 |c Tim Vicary  |a Mutiny on the bounty  |b Stage 1 (400 headwords) 
260 # # |a Oxford  |b Oxford Univ. Press  |c 2008 
300 # # |a 56p.  |b ill.  |c 20cm. 
490 # # |a Oxford Bookworms Library 
650 # 4 |a Văn học Mỹ  |x Truyện ngắn 
653 # # |a Văn học Mỹ hiện đại 
852 # # |j KD.0023845 
910 |d 21/06/2018 
980 # # |a Trung tâm Học liệu Lê Vũ Hùng, Trường Đại học Đồng Tháp